00787cam a2200241 4500001001300000003000400013005001700017008004100034010001700075040003600092050002300128070002400151100003300175245005600208250000900264260004800273300002500321490006000346650002900406650002600435830006700461999001700528agr67000316 DLC20260227111027.0691210s1967 dcua 000 0 eng c aagr67000316  aU.S. Nat'l Agr. Libr.cDLCdDLC10aS21b.A483 no. 4960 a1Ag84L no. 496 19671 aPhillips, William M.,d1922-10aField bindweed and its controlc[by W. M. Phillips. aRev. aWashington,bU.S. Govt. Print. Off.,c1967] a7 p.billus.c24 cm.1 aUnited States. Dept. of Agriculture. Leaflet ;vno. 496 0aField bindweedxControl. 3aConvolvulus arvensis. 0aLeaflet (United States. Department of Agriculture) ;vno. 496. c12258d12258